000 00695nam a22001937a 4500
999 _c181232
_d181232
005 20210906144741.0
010 _aB-741394
020 _a9780143416920
_c299.00
035 _aB-741394
037 _bGift
082 _a791.430954
100 _aSaran, Sathya
245 _aTen years with Guru Dutt:
_bAbrar Alvi's journey /
_cby Sathya Saran
260 _bPenguin Books
_aNew Delhi
_c2008
270 _a11 Community Centre, Panchsheel Park
_bNew Delhi
_e110017
300 _axii, 203p.:
_c20cm(pbk)
_bill.
942 _2ddc
_cEN
_h791.430954
_mSAR